Маркетинговые исследования. Инструкция по применению/ И. С. Березин

Bibliografiset tiedot
Päätekijä: Березин И. С. Игорь Станиславович
Yhteenveto:Данная книга — не учебник и не учебное пособие по маркетингу и уж тем более не является «самоучителем» по маркетинговым исследованиям. Издание о том, когда и зачем нужны маркетинговые исследования, как их правильно организовать или грамотно заказать, сколько они стоят на рынке и как здесь не ошибиться, а также о том, что делать с результатами исследований. В первую очередь издание предназначено для руководи­телей компаний и их заместителей, начальников коммерческих служб и отделов маркетинга (рекламы), планово-экономических отделов и служб стратегического развития, отделов сбыта и служб по работе с клиентами.
Kieli:venäjä
Julkaistu: Москва, Юрайт, 2012
Painos:3-е изд., перераб. и доп.
Aiheet:
Aineistotyyppi: MixedMaterials Kirja
KOHA link:https://koha.lib.tpu.ru/cgi-bin/koha/opac-detail.pl?biblionumber=218163

MARC

LEADER 00000nam0a2200000 4500
001 218163
005 20231101230156.0
010 |a 9785991620703 
035 |a (RuTPU)RU\TPU\book\238174 
090 |a 218163 
100 |a 20120615d2012 km y0rusy50 ca 
101 0 |a rus 
102 |a RU 
105 |a y z 001zy 
200 1 |a Маркетинговые исследования. Инструкция по применению/ И. С. Березин  |f И. С. Березин 
205 |a 3-е изд., перераб. и доп. 
210 |a Москва  |c Юрайт  |d 2012 
215 |a 383 с. 
320 |a Словарь ключевых терминов: с. 366-381. 
330 |a Данная книга — не учебник и не учебное пособие по маркетингу и уж тем более не является «самоучителем» по маркетинговым исследованиям. Издание о том, когда и зачем нужны маркетинговые исследования, как их правильно организовать или грамотно заказать, сколько они стоят на рынке и как здесь не ошибиться, а также о том, что делать с результатами исследований. В первую очередь издание предназначено для руководи­телей компаний и их заместителей, начальников коммерческих служб и отделов маркетинга (рекламы), планово-экономических отделов и служб стратегического развития, отделов сбыта и служб по работе с клиентами. 
606 1 |a Маркетинг  |2 stltpush  |3 (RuTPU)RU\TPU\subj\41036  |9 60857 
610 1 |a маркетинговые исследования 
610 1 |a технические задания 
610 1 |a бюджет 
610 1 |a результаты 
610 1 |a программа 
610 1 |a этапы 
610 1 |a вторичные данные 
610 1 |a источники 
610 1 |a наблюдение 
610 1 |a шпионаж 
610 1 |a разведка 
610 1 |a бенчмаркинг 
610 1 |a тестирование 
610 1 |a эксперименты 
610 1 |a анкетирование 
610 1 |a интервью 
610 1 |a фокус-группы 
610 1 |a массовые опросы 
610 1 |a выборка 
610 1 |a погрешности 
610 1 |a мониторинг 
610 1 |a панельные методы 
610 1 |a трекинг 
610 1 |a омнибусы 
610 1 |a интернет-исследования 
686 |a У9(2)212.4  |v LBC/SL-A  |2 rubbk 
700 1 |a Березин  |b И. С.  |g Игорь Станиславович 
801 1 |a RU  |b 63413507  |c 20120615 
801 2 |a RU  |b 63413507  |c 20150519  |g RCR 
900 |a Маркетинговые исследования 
942 |c BK 
959 |a 59/20120417  |d 2  |e 550,00  |f ЧЗГЛ:1  |f АНЛ:1 
959 |a 111/20120907  |d 3  |e 550,00  |f УФ:3